<The> Characteristic of economic individual assets and the source of their financing according to the Polish amending accountancy act

Guardado en:
Detalles Bibliográficos
Autor principal: Migala-Warchol, Aldona
Formato: Capítulo de libro
Lenguaje:inglés
Materias:
Etiquetas: Agregar Etiqueta
Sin Etiquetas, Sea el primero en etiquetar este registro!

MARC

LEADER 00000naa$a2200000$$$4500
001 0034314
005 20221207121542.6
041 0 |a eng 
044 |a SK 
245 1 0 |a <The> Characteristic of economic individual assets and the source of their financing according to the Polish amending accountancy act  |c Aldona Migala-Warchol 
610 2 0 |a účtovníctvo 
610 2 0 |a štandardy účtovné medzinárodné 
610 2 0 |a pojmy 
610 2 0 |a terminológia 
610 2 0 |a Poľsko 
610 2 0 |a účtovníctvo finančné 
610 2 0 |a zdroje finančné 
610 2 0 |a aktíva 
610 2 0 |a kapitál 
100 1 |a Migala-Warchol, Aldona